| 000 | 00562nam a2200181Ia 4500 | ||
|---|---|---|---|
| 003 | OSt | ||
| 005 | 20240919141345.0 | ||
| 008 | 210210b1957 xxu||||| |||| 00| 0 eng d | ||
| 040 | _cAL | ||
| 041 | _akan | ||
| 082 | _a853/528 | ||
| 100 |
_aSAMSA _9162095 _dಸಂಸ |
||
| 245 |
_aBirudantembara ganda mattu suguna gambhIra: _bಬಿರುದಂತೆಂಬರ ಗಂಡ ಮತ್ತು ಸುಗುಣಗಂಭೀರ |
||
| 260 |
_aBengaluru _bSatyashodhana Prakatana Mandira _c1957 |
||
| 690 |
_aKannada Drama _9162096 |
||
| 906 | _a019798 | ||
| 942 |
_2ddc _cBK |
||
| 999 |
_c143944 _d143944 |
||